000 00720cab a22001935a 4500
001 L150653
008 100809s2010 xxk 000 0 eng d
035 _a(Sirsi) u150653
041 0 _aeng
100 1 _aWadick, Phil
245 0 0 _aSafety culture among subcontractors in the domestic housing construction industry
_h[electronic resource]
260 _c2010
490 _aStructural Survey
_v28(2) 2010, 108-120(13)
520 _aInvestigates the occupational health and safety attitudes of subcontractors in the domestic building industry in New South Wales, Australia.
590 _aKA
651 4 _aAustralia
690 _aPROPERTY-RESIDENTIAL PROPERTY-DOMESTIC RESIDENTIAL PROPERTY-HOUSING
942 _n0
_2ddc
999 _c82591
_d82591